00670nam a2200241 a 4500001001300000003000900013005001700022008004100039020001000080082001700090100001500107245004400122260003000166300000900196500003500205505001000240650001800250700001500268902000800283942000700291952011700298999001300415nice12345678IN_TiNIC20260116011352.0050524s1932 egya grp 000 0 ara  ac10000a892.71bALI1 aAli, Zahid aTabyinul Maani Fi Sharah Diwan Ibn Hani aEgyptbMaarif Pressc1932 a818p aincludes index and biblioraphy2 aIndex aArabic-Poetry1 aAli, Zahid bRBA cBK 001040708RareBook->aHMIbHMId2007-06-04g100.00l0o892.71 ALI1p04441r2007-06-04v100.00w2005-05-24yBK c921d921